| 000 | 00885nam a2200229 i 4500 | ||
|---|---|---|---|
| 001 | 175283 | ||
| 003 | ES-MaACL | ||
| 005 | 20250806062546.0 | ||
| 007 | t| | ||
| 008 | 101019s1972 sp f ||||1| spa d | ||
| 080 | _a27-786(460.27 M.) | ||
| 100 | 0 |
_aCorral, José del, _d1916-2011 _940714 |
|
| 245 | 1 | 3 |
_aLa Congregación del Ave María / _cpor José del Corral. |
| 260 |
_aMadrid : _bAyuntamiento de Madrid, Delegación de Educación : _bInstituto de Estudios Madrileños, _c1972. |
||
| 300 |
_a46 p. , [12] h. de lám. ; _c22 cm. |
||
| 490 | 1 |
_aCiclo de conferencias sobre instituciones madrileñas ; _v6 |
|
| 610 | 2 | 4 |
_aCongregación del Ave María (Madrid) _9143673 |
| 710 | 2 |
_aInstituto de Estudios Madrileños _94916 |
|
| 830 | 0 |
_aCiclo de conferencias sobre instituciones madrileñas ; _v6 _9189619 |
|
| 852 |
_aES-MaACL _j2259-F-6 _xOlim P-54 |
||
| 999 |
_c175283 _d175283 |
||